[Event "La Laguna op 3rd"]
[Site "La Laguna"]
[Date "2009.05.05"]
[Round "2"]
[White "Kurajica, Bojan"]
[Black "Lestao Balseiro, Adrian"]
[Result "1-0"]
[WhiteElo "2555"]
[BlackElo "2197"]
[PlyCount "68"]
[EventDate "2009.05.04"]
[EventType "swiss"]
[EventRounds "9"]
[EventCountry "ESP"]
[SourceTitle "CBM 130 Extra"]
[Source "ChessBase"]
[SourceDate "2009.07.02"]
[SourceVersion "2"]
[SourceVersionDate "2009.07.15"]
[SourceQuality "1"]

1. d4 Nf6 2. Nf3 b6 3. e3 e6 4. Bd3 Bb7 5. 0-0 Be7 6. c4 0-0 7. Nc3 d5 8. cxd5 exd5 9. b3 a6 10. Bb2 Nbd7 11. Rc1 Bd6 12. Ne2 Qe7 13. Qc2 Rac8 14. Bf5 g6 15. Bh3 Rcd8 16. Ne5 Nb8 17. Ng3 a5 18. Rfd1 Na6 19. f3 Nb4 20. Qb1 h5 21. a3 Na6 22. Qa1 Nh7 23. f4 Nf6 24. Rc2 Kh7 25. Nf3 Ne4 26. Nxe4 dxe4 27. Ng5+ Kh6 28. d5 f6 29. Ne6 Bxd5 30. Nxd8 Qxd8 31. g4 hxg4 32. Bxg4 Nc5 33. Rg2 Nd3 34. Kh1 Qe7 1-0